00355nam a2200109Ia 4500008004100000082000800041100001900049245005800068942000600126952009800132999001500230240331s9999 xx 000 0 und d bDES aDe Silva, H.L. 3aAn appraisal of the federal alternative for Sri Lanka cL 001040708LaWERCLbWERCLcSSCd2024-03-31l0o 342.042 DESp665r2024-03-31w2024-03-31yL c2841d2841